Miasta w województwie lubelskim - Statystyki

Ogólne statystyki
  • Ten quiz został rozwiązany 29 razy
  • Średni wynik to 28 z 57
Statystyki odpowiedzi
Ranking Powierzchnia ( km² ) Populacja Miasto % Poprawnych
1 147 329 565 mieszk. Lublin
100%
2 30 58 231 mieszk. Zamość
93%
4 49 54 453 mieszk. Biała Podlaska
89%
5 51 43 860 mieszk. Puławy
89%
3 40 57 214 mieszk. Chełm
85%
6 20 36 680 mieszk. Świdnik
85%
19 15 10 894 mieszk. Janów Lubelski
81%
7 26 31 296 mieszk. Kraśnik
78%
9 21 24 769 mieszk. Biłgoraj
74%
10 14 19 734 mieszk. Lubartów
74%
11 13 17 848 mieszk. Tomaszów Lubelski
74%
14 33 15 935 mieszk. Hrubieszów
70%
13 42 17 366 mieszk. Krasnystaw
70%
8 36 27 159 mieszk. Łuków
70%
23 15 7864 mieszk. Opole Lubelskie
70%
21 27 8958 mieszk. Ryki
70%
12 19 17 665 mieszk. Łęczna
67%
16 19 14 293 mieszk. Radzyń Podlaski
67%
17 38 14 132 mieszk. Dęblin
63%
18 18 12 123 mieszk. Włodawa
63%
39 8 2300 mieszk. Annopol
59%
15 20 15 389 mieszk. Międzyrzec Podlaski
59%
20 8 10 185 mieszk. Parczew
59%
30 30 3239 mieszk. Kazimierz Dolny
56%
25 10 5121 mieszk. Terespol
52%
29 14 3611 mieszk. Nałęczów
48%
22 15 8246 mieszk. Poniatowa
48%
26 29 4744 mieszk. Szczebrzeszyn
44%
24 23 5936 mieszk. Bełżyce
41%
51 5 1330 mieszk. Frampol
41%
38 5 2319 mieszk. Józefów
41%
43 6 1982 mieszk. Rejowiec
41%
28 14 4003 mieszk. Rejowiec Fabryczny
41%
33 17 2870 mieszk. Kock
37%
37 9 2362 mieszk. Stoczek Łukowski
37%
34 6 2780 mieszk. Zwierzyniec
37%
27 7 4476 mieszk. Bychawa
33%
57 4 803 mieszk. Józefów nad Wisłą
33%
32 7 2967 mieszk. Krasnobród
33%
35 ( od 2025 ) 11 2617 mieszk. Kurów
33%
50 8 1416 mieszk. Modliborzyce
33%
40 ( od 2025 ) 7 2188 mieszk. Końskowola
30%
31 11 3109 mieszk. Tarnogród
30%
36 8 2416 mieszk. Piaski
26%
42 3 2091 mieszk. Piszczac
26%
48 13 1708 mieszk. Urzędów
26%
54 2 1048 mieszk. Wąwolnica
26%
44 30 1964 mieszk. Ostrów Lubelski
22%
52 13 1325 mieszk. Siedliszcze
22%
53 4 1304 mieszk. Czemierniki
19%
55 8 896 mieszk. Goraj
19%
49 9 1684 mieszk. Izbica
19%
41 4 2142 mieszk. Lubycza Królewska
19%
45 5 1961 mieszk. Łaszczów
15%
56 2 823 mieszk. Turobin
15%
46 18 1821 mieszk. Tyszowce
15%
47 6 1714 mieszk. Kamionka
11%
Nie znaleziono quizów pasujących do podanych kryteriów
Rozkład punktacji
Procent ludzi z każdym wynikiem
Percentyl według liczby udzielonych odpowiedzi
Twoja historia wyników
Nie rozwiązałeś tego quizu